Y después del posmodernismo ¿qué? /

Gorde:
Xehetasun bibliografikoak
Egile nagusia: Rodríguez Magda, Rosa María (ed.)
Beste egile batzuk: Vidal, María Carmen Africa (edición) (edición)
Formatua: Liburua
Hizkuntza:gaztelania
Argitaratua: Barcelona, España : Anthropos, 1998, c1998
Saila:(Biblioteca A ; Conciencia) 28.
Gaiak:
Etiketak: Etiketa erantsi
Etiketarik gabe, Izan zaitez lehena erregistro honi etiketa jartzen!

MARC

LEADER 00000nam^a2200000^a^4500
001 000175858
005 20250521000000.0
009 20260310101619.588
020 |a 84-7658-526-8 
037 |a Acervo ITESO - Biblioteca 
041 |a ESP 
082 |a 149. 97  |b ROD 
100 |a Rodríguez Magda, Rosa María  |e (ed.) 
245 1 0 |a Y después del posmodernismo ¿qué? /  |c Ed. de R.M. Rodríguez Magda, M.C.A. Vidal. 
264 4 |a Barcelona, España :  |b Anthropos,  |c 1998, c1998 
300 |a 271 p. 
336 |a texto  |b txt  |2 rdacontenido 
337 |a sin mediación  |b n  |2 rdamedio 
338 |a volumen  |b nc  |2 rdasoporte 
440 1 |a (Biblioteca A ;  |v 28.  |p Conciencia) 
649 |a XX 
650 |a Cultura 
650 |a Política Cultural 
650 |a Estética 
650 |a Arte 
650 |a Democracia 
650 |a Alienación 
650 |a Política 
650 |a Feminismo en la Literatura 
650 |a Filosofía y Literatura 
650 |a Modernidad y Posmodernidad 
650 |a Sociología de la Cultura 
650 |a Filosofía del Siglo XX 
700 |a Vidal, María Carmen Africa  |e (edición) 
910 |a Fondo General 
920 |a Impresos - Libros 
930 |a Colección General 
905 |a 101 
901 |a 0500113976  |b IT1  |c ACC  |u 20250521 
902 |a https://opac.biblio.iteso.mx/vufind/Record/000175858